000
00241nam a22000977a 4500
008
170113b xxu||||| |||| 00| 0 eng d
041
_a
eng
080
_a
618.2
245
_a
THE SURGICAL CLINICS OF NORTH AMERICA
_c
SAUNDERS, W.B
942
_2
udc
_c
BK
999
_c
2867
_d
2867